000
00266nam a22001097a 4500
008
160623b xxu||||| |||| 00| 0 eng d
100
_9
633
_a
Burns, J, A
245
_a
The Crucible
260
_a
Oneida
_b
Oneida Institute
_c
1928
300
_a
The Crucible
942
_2
ddc
_c
BK
999
_c
517
_d
517